00585nam a22001697a 4500008004100000020001800041050002500059100002900084245008600113250001100199260004200210300004400252521005100296650002700347650002400374700001700398161108b xxu||||| |||| 00| 0 eng d a9780816039890 aREF RC 535 .D63 2000 aDoctor, Ronald M.d2000. aThe Encyclopedia of phobias, fears, and anxieties/cRonald M. Doctor; Ada P. Kahn a2nd ed aNew York, NY :bFacts on File,c2000. axx, 474 pages :billustrations ;c24cm. aIncludes bibliographical references and index. aPhobias- dictionaries. aFear-- dictionaries aKapn, Ada P.